00441nam a2200145Ia 4500100001300000942000700013654001200020245003300032260002500065082001900090300000800109546001200117999001700129952014900146 aSamsung  cBK aTelecom aLinear IC data book: Telecom bSamsungaKoreac1990 a621.38173bSAM a396 aENGLISH c20230d20230 001040708CRCaCRCEbCRCEd2023-03-17eProgressive Booksg340.00i2035 dt 27.05.92l0o621.38173 SAMp3613r2023-03-17v340.00w1992-05-27yBK